[Event "Copenhagen Chess Challenge IM 2024"]
[Site "Ballerup"]
[Date "2024.08.09"]
[Round "5.3"]
[Board "3"]
[White "Nielsen Refs, Karl Emil Elmer"]
[Black "Jepson, Christian"]
[Result "0-1"]
[WhiteElo "2239"]
[BlackElo "2381"]
[EventDate "2024.08.07"]
[EventType "tourn"]
[EventRounds "9"]
[EventCountry "DEN"]
[SourceTitle "Live v. Michael Andersen"]

1. d4 Nf6 2. c4 d6 3. Nf3 g6 4. Nc3 Bf5 5. Nh4 Bd7 
6. e4 c5 7. d5 e6 8. Nf3 Bg7 9. Bd3 O-O 10. O-O Na6 
11. Bf4 e5 12. Bd2 Kh8 13. h3 Ng8 14. g4 Bh6 15. Kg2 f6 
16. Bxh6 Nxh6 17. Qd2 Kg7 18. Rh1 Nb4 19. Rag1 Nxd3 20. Qxd3 f5 
21. gxf5 gxf5 22. Kf1+ Kh8 23. Ng5 Qf6 24. Ke1 f4 25. Nb5 Rac8 
26. Ne6 Bxe6 27. dxe6 Qxe6 28. Qxd6 Qxd6 29. Nxd6 Rc6 30. Nb5 a6 
31. Nc3 b5 32. cxb5 axb5 33. Rg5 b4 34. Nd5 Ra6 35. Rxe5 Rxa2 
36. Ke2 Rxb2+ 37. Kd3 Rxf2 38. Rg1 f3 39. Rh5 Rg2 40. Rf1 Ng8 
41. Rf5 Rxf5 42. exf5 Rg3 43. Kc4 Kg7 44. Kxc5 b3 45. Kc4 Nf6 
46. Nf4 Kh6 47. Ne6 Ne4 48. Kd3 Ng5 49. Kc3 f2+ 50. Kb2 Nxh3 
51. Nd4 Rg1 52. f6 Rxf1 53. Ne6 Kg6 0-1

[Event "Copenhagen Chess Challenge IM 2024"]
[Site "Ballerup"]
[Date "2024.08.09"]
[Round "5.4"]
[Board "4"]
[White "Sahl, Bjarke"]
[Black "Falkesgaard, Jeppe Hald"]
[Result "1-0"]
[WhiteElo "2219"]
[BlackElo "2276"]
[EventDate "2024.08.07"]
[EventType "tourn"]
[EventRounds "9"]
[EventCountry "DEN"]
[SourceTitle "Live v. Michael Andersen"]

1. e4 c5 2. Nf3 Nc6 3. Nc3 e5 4. Bc4 d6 5. d3 Be7 
6. Nd5 Nf6 7. Nxe7 Qxe7 8. Bg5 h6 9. Bxf6 Qxf6 10. h3 O-O 
11. c3 Be6 12. Nd2 Qg6 13. Qf3 Rad8 14. Qg3 Qxg3 15. fxg3 d5 
16. exd5 Bxd5 17. Ne4 Bxc4 18. dxc4 b6 19. g4 f5 20. gxf5 Rxf5 
21. Rd1 Rf4 22. Rxd8+ Nxd8 23. Nd2 Kf7 24. g3 Rf5 25. Ne4 Ke6 
26. Ke2 Nb7 27. Rd1 Rh5 28. h4 Rf5 29. b4 cxb4 30. cxb4 Rf7 
31. Ke3 Rc7 32. Rc1 Nd8 33. c5 bxc5 34. Nxc5+ Kf5 35. a4 Ne6 
36. Rf1+ Kg4 37. Nxe6 Re7 38. Nc5 Kxg3 39. h5 Kg4 40. Rh1 Rf7 
41. Nd3 Rf5 42. Ke4 Rxh5 43. Nxe5+ Kg5 44. Rxh5+ Kxh5 45. b5 Kg5 
46. a5 1-0

[Event "Copenhagen Chess Challenge IM 2024"]
[Site "Ballerup"]
[Date "2024.08.09"]
[Round "5.5"]
[Board "5"]
[White "Thogersen, Rasmus"]
[Black "Ramsdal, Jens Albert"]
[Result "1-0"]
[WhiteElo "2310"]
[BlackElo "2337"]
[EventDate "2024.08.07"]
[EventType "tourn"]
[EventRounds "9"]
[EventCountry "DEN"]
[SourceTitle "Live v. Michael Andersen"]

1. e4 e5 2. Nf3 Nc6 3. Bb5 f5 4. d3 fxe4 5. dxe4 Nf6 
6. Nc3 Bb4 7. Qd3 Bxc3+ 8. bxc3 O-O 9. O-O d6 10. a4 Na5 
11. Bc4+ Nxc4 12. Qxc4+ Kh8 13. a5 Qe7 14. Bg5 Be6 15. Qd3 Qf7 
16. Rfb1 Bc4 17. Qe3 Ng4 18. Qe1 Qh5 19. h3 Rxf3 20. hxg4 Qxg4 
21. Qd1 Raf8 22. Be7 R8f7 23. Rxb7 h6 24. Rxc7 Qxe4 25. Rxc4 Qxc4 
26. gxf3 Rxe7 27. Qxd6 Re6 28. Qd8+ Kh7 29. Qd3+ Qxd3 30. cxd3 Rd6 
31. Rd1 Ra6 32. f4 exf4 33. d4 Kg6 34. c4 Kf6 35. d5 Ke7 
36. c5 Kd8 37. Ra1 g5 38. Kg2 g4 39. Ra4 h5 40. c6 Kc7 
41. Rxf4 Rxa5 42. Rf7+ Kd6 43. Rd7+ Ke5 44. c7 Rc5 45. d6 h4 
46. Rd8 h3+ 47. Kh2 1-0

[Event "Copenhagen Chess Challenge IM 2024"]
[Site "Ballerup"]
[Date "2024.08.10"]
[Round "6.1"]
[Board "1"]
[White "Jepson, Christian"]
[Black "Sahl, Bjarke"]
[Result "1-0"]
[WhiteElo "2381"]
[BlackElo "2219"]
[EventDate "2024.08.07"]
[EventType "tourn"]
[EventRounds "9"]
[EventCountry "DEN"]
[SourceTitle "Live v. Michael Andersen"]

1. c4 e5 2. Nc3 Nf6 3. Nf3 d6 4. g3 g6 5. Bg2 Bg7 
6. d4 Nbd7 7. O-O O-O 8. Qc2 exd4 9. Nxd4 Nb6 10. Rd1 Nxc4 
11. Ncb5 a6 12. Qxc4 axb5 13. Nxb5 Ne8 14. Qb4 Bd7 15. a4 Bc6 
16. Bf4 Qe7 17. Rac1 Bxg2 18. Kxg2 Qxe2 19. Rd2 Qe6 20. Nxc7 Nxc7 
21. Rxc7 d5 22. Re7 Qc6 23. Qxb7 Qxa4 24. Qxd5 Ra5 25. Qf3 Rf5 
26. b3 Qa5 27. Red7 Rf6 28. R2d6 Qa1 29. Rxf6 Qxf6 30. Qd5 h6 
31. Rd6 Qe7 32. Rxg6 Rd8 33. Rd6 Rxd6 34. Bxd6 Qd8 35. Qc6 Qf6 
36. Qa8+ Kh7 37. Qe4+ Kg8 38. Bc5 1-0

[Event "Copenhagen Chess Challenge IM 2024"]
[Site "Ballerup"]
[Date "2024.08.10"]
[Round "6.2"]
[Board "2"]
[White "Vasli, Aref"]
[Black "Liu, Casper Yukun"]
[Result "1-0"]
[WhiteElo "2387"]
[BlackElo "2339"]
[EventDate "2024.08.07"]
[EventType "tourn"]
[EventRounds "9"]
[EventCountry "DEN"]
[SourceTitle "Live v. Michael Andersen"]

1. e4 c6 2. Nc3 d5 3. Nf3 Bg4 4. h3 Bh5 5. exd5 cxd5 
6. Bb5+ Nc6 7. g4 Bg6 8. Ne5 Qd6 9. d4 f6 10. Nxg6 hxg6 
11. Qd3 O-O-O 12. Be3 e5 13. O-O-O e4 14. Qd2 g5 15. f3 a6 
16. Bxc6 Qxc6 17. fxe4 Bb4 18. exd5 Rxd5 19. Qd3 Bxc3 20. bxc3 Ra5 
21. d5 Qa4 22. d6 Kd7 23. Qg6 1-0

[Event "Copenhagen Chess Challenge IM 2024"]
[Site "Ballerup"]
[Date "2024.08.10"]
[Round "6.3"]
[Board "3"]
[White "Thogersen, Rasmus"]
[Black "Brynell, Stellan"]
[Result "1-0"]
[WhiteElo "2310"]
[BlackElo "2371"]
[EventDate "2024.08.07"]
[EventType "tourn"]
[EventRounds "9"]
[EventCountry "DEN"]
[SourceTitle "Live v. Michael Andersen"]

1. e4 e6 2. d4 d5 3. e5 c5 4. c3 Nc6 5. Nf3 Bd7 
6. Be2 Nge7 7. Na3 cxd4 8. cxd4 Nf5 9. Nc2 Be7 10. O-O O-O 
11. Bd3 f6 12. Bf4 fxe5 13. Nxe5 Nxe5 14. Bxe5 Be8 15. Qe2 Bg6 
16. Rfe1 Rc8 17. g3 a6 18. Rad1 Qe8 19. Kh1 Qf7 20. Rd2 Rc6 
21. h3 Bg5 22. Rdd1 Rfc8 23. Nb4 Rb6 24. a3 a5 25. Na2 Ne7 
26. Nc3 Bxd3 27. Rxd3 Qf5 28. g4 Qf7 29. Rf3 Qe8 30. Bxg7 Kxg7 
31. Qe5+ Kh6 32. h4 Bxh4 33. g5+ Bxg5 34. Rh3+ Kg6 35. Rg1 Nf5 
36. Rxg5+ Kxg5 37. Rg3+ Kh5 38. Qe2+ Kh6 39. Qd2+ 1-0

[Event "Copenhagen Chess Challenge IM 2024"]
[Site "Ballerup"]
[Date "2024.08.10"]
[Round "6.4"]
[Board "4"]
[White "Wahlgreen, Noah Krug"]
[Black "Nielsen Refs, Karl Emil Elmer"]
[Result "0-1"]
[WhiteElo "2135"]
[BlackElo "2239"]
[EventDate "2024.08.07"]
[EventType "tourn"]
[EventRounds "9"]
[EventCountry "DEN"]
[SourceTitle "Live v. Michael Andersen"]

1. d4 Nf6 2. Bf4 h6 3. h4 d6 4. Nc3 c5 5. dxc5 e5 
6. Bg3 Be6 7. e4 Nbd7 8. cxd6 Qb6 9. Nb5 O-O-O 10. f3 a6 
11. Bf2 Qa5+ 12. b4 Qxb4+ 13. c3 Qa5 14. Na7+ Kb8 15. Rb1 Qxc3+ 
16. Qd2 Qxd2+ 17. Kxd2 Ka8 18. Bb5 Bxd6 19. Nc6 Rc8 20. Na7 Rc7 
21. Ne2 Nc5 22. Rhd1 Kxa7 23. Ke1 Be7 24. Nc3 0-1

[Event "Copenhagen Chess Challenge IM 2024"]
[Site "Ballerup"]
[Date "2024.08.10"]
[Round "6.5"]
[Board "5"]
[White "Ramsdal, Jens Albert"]
[Black "Falkesgaard, Jeppe Hald"]
[Result "1/2-1/2"]
[WhiteElo "2337"]
[BlackElo "2276"]
[EventDate "2024.08.07"]
[EventType "tourn"]
[EventRounds "9"]
[EventCountry "DEN"]
[SourceTitle "Live v. Michael Andersen"]

1. e4 c5 2. Nf3 e6 3. c3 d5 4. e5 Nc6 5. d4 Bd7 
6. Be2 Nge7 7. O-O Rc8 8. Na3 Nf5 9. Nc2 cxd4 10. Nfxd4 Ncxd4 
11. Nxd4 Nxd4 12. Qxd4 Qc7 13. Qf4 b5 14. Qg3 a5 15. Be3 h5 
16. h4 g6 17. Bd3 Rg8 18. Rac1 Be7 19. Qf4 Qd8 20. Qh6 Bxh4 
21. Qh7 Kf8 22. g3 Bg5 23. f4 Rg7 24. Qh8+ Rg8 25. Qh7 Rg7 
26. Qh8+ Rg8 1/2-1/2

[Event "Copenhagen Chess Challenge IM 2024"]
[Site "Ballerup"]
[Date "2024.08.10"]
[Round "7.1"]
[Board "1"]
[White "Falkesgaard, Jeppe Hald"]
[Black "Jepson, Christian"]
[Result "1/2-1/2"]
[WhiteElo "2276"]
[BlackElo "2381"]
[EventDate "2024.08.07"]
[EventType "tourn"]
[EventRounds "9"]
[EventCountry "DEN"]
[SourceTitle "Live v. Michael Andersen"]

1. c4 e5 2. g3 d6 3. Bg2 f5 4. Nc3 Nf6 5. d3 Be7 
6. Nf3 O-O 7. O-O Qe8 8. b4 Kh8 9. a4 a6 10. Bb2 Qh5 
1/2-1/2

[Event "Copenhagen Chess Challenge IM 2024"]
[Site "Ballerup"]
[Date "2024.08.10"]
[Round "7.2"]
[Board "2"]
[White "Nielsen Refs, Karl Emil Elmer"]
[Black "Vasli, Aref"]
[Result "1/2-1/2"]
[WhiteElo "2239"]
[BlackElo "2387"]
[EventDate "2024.08.07"]
[EventType "tourn"]
[EventRounds "9"]
[EventCountry "DEN"]
[SourceTitle "Live v. Michael Andersen"]

1. d4 Nf6 2. c4 e6 3. Nc3 c5 4. d5 exd5 5. cxd5 d6 
6. Nf3 g6 7. Nd2 Nbd7 8. e4 Bg7 9. Bd3 O-O 10. O-O a6 
11. a4 Ne5 12. Qc2 Nxd3 13. Qxd3 Nd7 14. Qg3 Be5 15. f4 Bd4+ 
16. Kh1 Re8 17. Nc4 Nb6 18. Nxb6 Qxb6 19. f5 Be5 20. Bf4 Qd8 
21. Bxe5 Rxe5 22. Rf4 Bd7 23. h4 Qe7 24. Qf2 gxf5 25. exf5 f6 
26. h5 Kh8 27. Qh4 Rg8 28. Raf1 Re8 29. h6 b5 30. axb5 axb5 
31. Ne4 Rf8 32. R1f3 Rxd5 33. Rg3 Rxf5 34. Rg7 Qe5 35. Qg3 Rh5+ 
36. Kg1 Rxh6 37. Rxd7 Rg6 38. Qh3 Rg7 39. Rxg7 Kxg7 40. Rh4 h5 
41. Qd7+ Kg6 42. Qxd6 Qxd6 43. Nxd6 Rd8 44. Nxb5 Rb8 45. Nc3 Rxb2 
46. Rc4 f5 47. Rxc5 Kg5 48. Nd5 Re2 49. Kf1 Re5 50. Nc7 Rxc5 
51. Ne6+ Kg4 52. Nxc5 h4 53. Nd3 Kg3 54. Nf2 Kh2 55. Nh3 Kg3 
56. Nf2 Kh2 57. Nh3 Kg3 58. Ng1 f4 59. Ne2+ Kg4 60. Ng1 Kg3 
61. Nh3 f3 62. gxf3 Kxf3 63. Nf2 h3 64. Nxh3 1/2-1/2

[Event "Copenhagen Chess Challenge IM 2024"]
[Site "Ballerup"]
[Date "2024.08.10"]
[Round "7.3"]
[Board "3"]
[White "Sahl, Bjarke"]
[Black "Wahlgreen, Noah Krug"]
[Result "1/2-1/2"]
[WhiteElo "2219"]
[BlackElo "2135"]
[EventDate "2024.08.07"]
[EventType "tourn"]
[EventRounds "9"]
[EventCountry "DEN"]
[SourceTitle "Live v. Michael Andersen"]

1. c4 e6 2. Nf3 d5 3. g3 Nf6 4. Bg2 Be7 5. O-O O-O 
6. b3 c5 7. Bb2 Nc6 8. e3 b6 9. d3 Bb7 10. a3 Qc7 
11. cxd5 Nxd5 12. Qc2 Bf6 13. Rc1 Bxb2 14. Qxb2 Qe7 15. Nbd2 Rfd8 
16. Rab1 Nf6 17. Bf1 Rac8 18. b4 cxb4 19. axb4 Nb8 20. e4 a6 
21. b5 Nbd7 22. Nc4 axb5 23. Qxb5 Bc6 24. Qb2 Ba8 25. h3 h6 
26. Qa1 Rb8 27. Nd4 Nc5 28. Qc3 Na4 29. Qa1 Nc5 30. Rd1 Qc7 
31. Nb5 Qc6 32. Ne5 Qb7 33. Bg2 Qe7 34. Na7 Qc7 35. Nb5 Qe7 
36. Na7 Qc7 37. Nb5 Qe7 38. Na7 1/2-1/2

[Event "Copenhagen Chess Challenge IM 2024"]
[Site "Ballerup"]
[Date "2024.08.10"]
[Round "7.4"]
[Board "4"]
[White "Brynell, Stellan"]
[Black "Ramsdal, Jens Albert"]
[Result "1/2-1/2"]
[WhiteElo "2371"]
[BlackElo "2337"]
[EventDate "2024.08.07"]
[EventType "tourn"]
[EventRounds "9"]
[EventCountry "DEN"]
[SourceTitle "Live v. Michael Andersen"]

1. d4 Nf6 2. Nf3 e6 3. c4 b6 4. g3 Bb7 5. Bg2 Be7 
6. O-O O-O 7. Nc3 Ne4 8. Nxe4 Bxe4 9. Ne1 Bxg2 10. Nxg2 d5 
11. Qa4 dxc4 12. Qxc4 c5 13. dxc5 Bxc5 14. Be3 Bxe3 15. Nxe3 Qf6 
16. Qb5 Qe7 17. Rfd1 Qb7 18. Nc4 Na6 19. Nd6 Nc7 20. Qd7 Qb8 
21. Rac1 Nd5 22. e4 Nf6 23. Qe7 Qd8 24. Qb7 Qb8 25. Qxb8 Raxb8 
26. Rc7 Rbd8 27. e5 Ng4 28. f4 f6 29. h3 Ne3 30. Re1 fxe5 
31. Rxe3 Rxd6 32. Rxe5 Rf7 33. Rc8+ Rf8 34. Rc7 Rf7 35. Rc8+ Rf8 
36. Rc7 1/2-1/2

[Event "Copenhagen Chess Challenge IM 2024"]
[Site "Ballerup"]
[Date "2024.08.10"]
[Round "7.5"]
[Board "5"]
[White "Liu, Casper Yukun"]
[Black "Thogersen, Rasmus"]
[Result "1-0"]
[WhiteElo "2339"]
[BlackElo "2310"]
[EventDate "2024.08.07"]
[EventType "tourn"]
[EventRounds "9"]
[EventCountry "DEN"]
[SourceTitle "Live v. Michael Andersen"]

1. e4 c5 2. c3 Nf6 3. e5 Nd5 4. Nf3 d6 5. d4 cxd4 
6. cxd4 e6 7. Bc4 Nb6 8. Bd3 Nc6 9. a3 Be7 10. Nc3 O-O 
11. h4 f5 12. exf6 gxf6 13. Ng5 fxg5 14. hxg5 Rf7 15. Bxh7+ Rxh7 
16. Rxh7 Qe8 17. g6 Qxg6 18. Rh3 Kf7 19. Rh6 Qf5 20. g4 Qa5 
21. g5 Qf5 22. Qh5+ Kg7 23. Rh8 e5 24. Qh6+ Kf7 25. g6+ Qxg6 
26. Rh7+ Kf6 27. Ne4+ Kf5 28. Ng3+ 1-0

[Event "Copenhagen Chess Challenge IM 2024"]
[Site "Ballerup"]
[Date "2024.08.11"]
[Round "8.1"]
[Board "1"]
[White "Ramsdal, Jens Albert"]
[Black "Jepson, Christian"]
[Result "0-1"]
[WhiteElo "2337"]
[BlackElo "2381"]
[EventDate "2024.08.07"]
[EventType "tourn"]
[EventRounds "9"]
[EventCountry "DEN"]
[SourceTitle "Live v. Michael Andersen"]

1. d4 Nf6 2. c4 e6 3. Nf3 c5 4. Nc3 cxd4 5. Nxd4 Bb4 
6. g3 O-O 7. Bg2 d5 8. Qb3 Bxc3+ 9. Qxc3 e5 10. Nf3 d4 
11. Qa3 e4 12. Nd2 Re8 13. O-O Nc6 14. b4 a5 15. b5 Nb4 
16. Qa4 d3 17. exd3 Qxd3 18. Rb1 Bf5 19. Rb3 Qd4 20. Re3 b6 
21. Nb3 Qxc4 22. a3 Bd7 23. Nd2 Qc2 24. Qb3 Qxb3 25. Rxb3 Nd3 
26. Nc4 Rac8 27. Nd6 Nxc1 28. Re3 a4 29. Nxe8 Bxe8 30. Bxe4 Nxe4 
31. Rxe4 Bxb5 32. Rfe1 Kf8 33. R1e3 Be8 34. h4 Nb3 35. h5 Rc1+ 
36. Re1 Rxe1+ 37. Rxe1 Nd2 38. Kg2 Nc4 39. h6 gxh6 40. Ra1 Bc6+ 
41. Kh3 b5 42. Kg4 Be4 43. Kf4 Bc2 0-1

[Event "Copenhagen Chess Challenge IM 2024"]
[Site "Ballerup"]
[Date "2024.08.11"]
[Round "8.2"]
[Board "2"]
[White "Vasli, Aref"]
[Black "Sahl, Bjarke"]
[Result "1-0"]
[WhiteElo "2387"]
[BlackElo "2219"]
[EventDate "2024.08.07"]
[EventType "tourn"]
[EventRounds "9"]
[EventCountry "DEN"]
[SourceTitle "Live v. Michael Andersen"]

1. e4 c5 2. Nf3 Nc6 3. d4 cxd4 4. Nxd4 Nf6 5. Nc3 d6 
6. g3 Bg4 7. f3 Bd7 8. Be3 e5 9. Ndb5 Qb8 10. a4 Be7 
11. Qd2 O-O 12. Rd1 Be6 13. Nd5 Bxd5 14. exd5 Nd8 15. a5 Ne8 
16. Bh3 g6 17. Qf2 b6 18. axb6 axb6 19. c4 Nb7 20. O-O Nc5 
21. b4 Na6 22. Rb1 Bd8 23. Bd7 Nac7 24. Nc3 Ra3 25. Qb2 Ra7 
26. Bc6 Ng7 27. Qf2 Nce8 28. Nb5 Ra6 29. Ra1 Nc7 30. Rxa6 Nxa6 
31. Ra1 Nc7 32. Bxb6 Nxb5 33. Bxd8 Nd4 34. Be7 Qxb4 35. Bxf8 Kxf8 
36. f4 Ngf5 37. fxe5 Qxc4 38. exd6 Qc3 39. Rd1 Nf3+ 40. Kh1 Nxd6 
41. Rf1 Nd2 42. Re1 N2e4 43. Qe3 Qxe3 44. Rxe3 h5 45. Kg2 f5 
46. Ba4 Kf7 47. Kf3 Nc4 48. Re2 Kf6 49. Bc2 Ne5+ 50. Kg2 Nc3 
51. Rd2 Nc4 52. Rd3 Ne4 53. Bb3 Ne5 54. Rd1 Nd6 55. Re1 Ne4 
56. Ra1 Nc5 57. Ba2 Ne4 58. Rb1 Nf7 59. Rb8 Ned6 60. Rg8 Ne5 
61. h3 Nef7 62. Kf3 Ng5+ 63. Ke3 Nxh3 64. Kd4 Nf2 65. Rf8+ Ke7 
66. Ra8 Nfe4 67. Ra7+ Kf6 68. Ra6 Ke7 69. Ke5 Nf7+ 70. Kf4 Ned6 
71. Ke3 Kf6 72. Kd4 g5 73. Bc4 g4 74. Bd3 Kg5 75. Ke3 h4 
76. gxh4+ Kxh4 77. Kf4 1-0

[Event "Copenhagen Chess Challenge IM 2024"]
[Site "Ballerup"]
[Date "2024.08.11"]
[Round "8.3"]
[Board "3"]
[White "Brynell, Stellan"]
[Black "Liu, Casper Yukun"]
[Result "1-0"]
[WhiteElo "2371"]
[BlackElo "2339"]
[EventDate "2024.08.07"]
[EventType "tourn"]
[EventRounds "9"]
[EventCountry "DEN"]
[SourceTitle "Live v. Michael Andersen"]

1. d4 Nf6 2. Nf3 d5 3. c4 e6 4. Nc3 c6 5. Bg5 dxc4 
6. e4 b5 7. e5 h6 8. Bh4 g5 9. Nxg5 hxg5 10. Bxg5 Nbd7 
11. g3 Qb6 12. exf6 Bb7 13. Bg2 O-O-O 14. O-O c5 15. d5 b4 
16. Na4 Qa6 17. a3 Bxd5 18. Bxd5 Ne5 19. Nxc5 Bxc5 20. axb4 Bxf2+ 
21. Kxf2 Qb6+ 22. Kg2 Rxd5 23. Qe2 Nd3 24. Ra5 Qd4 25. Rfa1 Rhd8 
26. Be3 Qe4+ 27. Qf3 Nf4+ 28. gxf4 Rg8+ 29. Kf2 Qc2+ 30. Ke1 Qxb2 
31. Rxd5 exd5 32. Rxa7 Qc3+ 33. Kf1 Qd3+ 34. Qe2 Qb1+ 35. Qe1 Qd3+ 
36. Qe2 Qb1+ 37. Qe1 Qd3+ 38. Kf2 Kb8 39. Qa1 d4 40. Ra8+ Kc7 
41. Qa7+ Kd6 42. Qc5+ Ke6 43. Ra6+ 1-0

[Event "Copenhagen Chess Challenge IM 2024"]
[Site "Ballerup"]
[Date "2024.08.11"]
[Round "8.4"]
[Board "4"]
[White "Wahlgreen, Noah Krug"]
[Black "Falkesgaard, Jeppe Hald"]
[Result "1-0"]
[WhiteElo "2135"]
[BlackElo "2276"]
[EventDate "2024.08.07"]
[EventType "tourn"]
[EventRounds "9"]
[EventCountry "DEN"]
[SourceTitle "Live v. Michael Andersen"]

1. e4 c5 2. Nf3 Nf6 3. Nc3 d5 4. exd5 Nxd5 5. Ne5 Nf6 
6. Qf3 Qc7 7. Qg3 a6 8. Nc4 Qxg3 9. hxg3 Nbd7 10. a4 b6 
11. Be2 Bb7 12. Bf3 Bxf3 13. gxf3 Rb8 14. d3 b5 15. axb5 axb5 
16. Na5 Ne5 17. Ke2 b4 18. Bf4 Nfd7 19. Ne4 Rc8 20. Nb7 c4 
21. d4 Ng6 22. Be3 f5 23. Ng5 h6 24. Ne6 Kf7 25. Nbd8+ Ke8 
26. Nb7 Kf7 27. Ra6 Nf6 28. f4 h5 29. Ng5+ Ke8 30. Nf3 h4 
31. gxh4 Rh6 32. Ne5 Rxh4 33. Rxh4 Nxh4 34. Re6 Rc7 35. Nd6+ Kd8 
36. Ndxc4 Nd5 37. Bd2 g6 38. Ra6 Kc8 39. Ra8+ Kb7 40. Rxf8 1-0

[Event "Copenhagen Chess Challenge IM 2024"]
[Site "Ballerup"]
[Date "2024.08.11"]
[Round "8.5"]
[Board "5"]
[White "Thogersen, Rasmus"]
[Black "Nielsen Refs, Karl Emil Elmer"]
[Result "1-0"]
[WhiteElo "2310"]
[BlackElo "2239"]
[EventDate "2024.08.07"]
[EventType "tourn"]
[EventRounds "9"]
[EventCountry "DEN"]
[SourceTitle "Live v. Michael Andersen"]

1. e4 c5 2. Nf3 Nc6 3. Bc4 e5 4. O-O Be7 5. c3 Nf6 
6. d4 cxd4 7. cxd4 exd4 8. Nxd4 Nxe4 9. Nf5 O-O 10. Qg4 Bg5 
11. Qxe4 Bxc1 12. Rxc1 d5 13. Bxd5 Bxf5 14. Qxf5 Ne7 15. Bxf7+ Rxf7 
16. Qe4 Qb6 17. Rc2 Raf8 18. Qe1 Nd5 19. Nc3 Nb4 20. Rd2 Rxf2 
21. Rxf2 Nd3 22. Nd5 Qc5 23. Qe6+ Kh8 24. Qe3 Qxe3 25. Nxe3 Rxf2 
26. Rd1 Rxb2 27. Rxd3 h5 28. a3 b5 29. h4 b4 30. Nc4 Rb1+ 
31. Kh2 bxa3 32. Rxa3 Rb4 33. Rc3 a5 34. Kh3 a4 35. g3 Kh7 
36. Nd2 Rb2 37. Ne4 Ra2 38. Rc6 Kg8 39. Ng5 Kf8 40. Rc7 g6 
41. Ne6+ Ke8 42. Ra7 a3 43. Nf4 g5 44. hxg5 Ra1 45. g6 Kf8 
46. Ne6+ Ke8 47. g7 1-0

[Event "Copenhagen Chess Challenge IM 2024"]
[Site "Ballerup"]
[Date "2024.08.11"]
[Round "9.1"]
[Board "1"]
[White "Jepson, Christian"]
[Black "Wahlgreen, Noah Krug"]
[Result "1-0"]
[WhiteElo "2381"]
[BlackElo "2135"]
[EventDate "2024.08.07"]
[EventType "tourn"]
[EventRounds "9"]
[EventCountry "DEN"]
[SourceTitle "Live v. Michael Andersen"]

1. Nf3 d5 2. g3 Nf6 3. Bg2 Bg4 4. c4 e6 5. Ne5 Bf5 
6. Qb3 Nc6 7. Nxc6 bxc6 8. Qb7 Kd7 9. Nc3 Qb8 10. Qxb8 Rxb8 
11. d3 Bb4 12. Bd2 Ke7 13. a3 Bc5 14. b4 Bd4 15. cxd5 cxd5 
16. Rc1 Nd7 17. O-O c5 18. Na4 Rhc8 19. bxc5 Ke8 20. e4 dxe4 
21. dxe4 Bg4 22. Bc3 Bxc3 23. Rxc3 Rb5 24. Rfc1 Ra5 25. c6 Ne5 
26. Nb2 Ra6 27. f3 Bh5 28. g4 Bg6 29. Bf1 Ra5 30. a4 f6 
31. f4 Nxg4 32. Nc4 Rxa4 33. Nd6+ Kd8 34. c7+ Kd7 35. Nxc8 Kxc8 
36. Bb5 1-0

[Event "Copenhagen Chess Challenge IM 2024"]
[Site "Ballerup"]
[Date "2024.08.11"]
[Round "9.2"]
[Board "2"]
[White "Falkesgaard, Jeppe Hald"]
[Black "Vasli, Aref"]
[Result "0-1"]
[WhiteElo "2276"]
[BlackElo "2387"]
[EventDate "2024.08.07"]
[EventType "tourn"]
[EventRounds "9"]
[EventCountry "DEN"]
[SourceTitle "Live v. Michael Andersen"]

1. d4 Nf6 2. c4 e6 3. Nf3 c5 4. d5 exd5 5. cxd5 d6 
6. Nc3 g6 7. Nd2 Nbd7 8. e4 Bg7 9. Be2 O-O 10. O-O a6 
11. a4 Re8 12. Qc2 Ne5 13. Re1 Nfg4 14. h3 Nxf2 15. Kxf2 Qh4+ 
16. g3 Qxh3 17. Nf1 f5 18. Kg1 fxe4 19. Qxe4 Bf5 20. Qg2 Qxg2+ 
21. Kxg2 Nd3 22. Bxd3 Rxe1 23. Bxf5 gxf5 24. Ne3 Bxc3 25. bxc3 Re8 
26. Nxf5 R8e2+ 27. Kf3 Rc2 28. Rb1 Rxc3+ 29. Kg4 Rcxc1 30. Rxb7 Rcd1 
31. Rb8+ Kf7 32. Nxd6+ Kf6 33. Ne8+ Ke7 34. Nc7 Kd7 35. Nxa6 Rxd5 
36. Rb5 Kc6 37. Nb8+ Kd6 38. a5 Re4+ 39. Kf3 Rb4 40. Rb6+ Rxb6 
41. axb6 Rd3+ 0-1

[Event "Copenhagen Chess Challenge IM 2024"]
[Site "Ballerup"]
[Date "2024.08.11"]
[Round "9.3"]
[Board "3"]
[White "Nielsen Refs, Karl Emil Elmer"]
[Black "Brynell, Stellan"]
[Result "0-1"]
[WhiteElo "2239"]
[BlackElo "2371"]
[EventDate "2024.08.07"]
[EventType "tourn"]
[EventRounds "9"]
[EventCountry "DEN"]
[SourceTitle "Live v. Michael Andersen"]

1. d4 Nf6 2. c4 e6 3. Nc3 Bb4 4. e3 b6 5. Bd3 Bb7 
6. f3 c5 7. Nge2 cxd4 8. exd4 O-O 9. O-O d5 10. Bg5 Be7 
11. Bxf6 Bxf6 12. cxd5 exd5 13. Qb3 Nc6 14. Qxd5 Qxd5 15. Nxd5 Bxd4+ 
16. Nxd4 Nxd4 17. Be4 Bxd5 18. Bxd5 Rad8 19. Be4 g6 20. Kf2 Rd6 
21. Rac1 Rfd8 22. Rfd1 Kg7 23. b4 R8d7 24. a4 f5 25. Bb1 Kf6 
26. Rc8 Ne6 27. Rxd6 Rxd6 28. Ke3 f4+ 29. Ke2 Rd4 30. Ba2 Rxb4 
31. Bxe6 Kxe6 32. a5 Rb2+ 33. Kf1 Rb5 34. axb6 axb6 35. Rf8 Rf5 
36. Rb8 Rb5 37. Rb7 h5 38. h4 Rb1+ 39. Kf2 b5 40. Rb6+ Kf5 
41. Rc6 Rb2+ 42. Kf1 b4 43. Rc5+ Ke6 44. Rg5 b3 45. Rxg6+ Kd5 
46. Rb6 Kc4 47. Rb8 Rc2 48. g4 fxg3 49. Kg1 b2 50. f4 Rc1+ 
51. Kg2 b1=Q 52. Rxb1 Rxb1 53. f5 Kd5 54. Kxg3 Ke5 0-1

[Event "Copenhagen Chess Challenge IM 2024"]
[Site "Ballerup"]
[Date "2024.08.11"]
[Round "9.4"]
[Board "4"]
[White "Sahl, Bjarke"]
[Black "Thogersen, Rasmus"]
[Result "1/2-1/2"]
[WhiteElo "2219"]
[BlackElo "2310"]
[EventDate "2024.08.07"]
[EventType "tourn"]
[EventRounds "9"]
[EventCountry "DEN"]
[SourceTitle "Live v. Michael Andersen"]

1. e4 c5 2. c3 e5 3. Bc4 Nf6 4. d3 Nc6 5. Bg5 Be7 
6. Bxf6 Bxf6 7. Nd2 O-O 8. Nf1 d6 9. Ne3 g6 10. a3 Be6 
11. b4 Bg5 12. Nd5 f5 13. Nf3 Kg7 14. O-O Bh6 15. h3 Qd7 
16. Qe2 Rf7 17. exf5 Bxf5 18. Ne3 Be6 19. Bxe6 Qxe6 20. bxc5 dxc5 
21. Ng4 Bf4 22. Rfe1 h5 23. Ne3 Raf8 24. Qa2 Qd7 25. Qd5 Bxe3 
26. Qxd7 Bxf2+ 27. Kxf2 Rxd7 28. Re3 Rf4 29. g3 Rf5 30. Kg2 b6 
31. Rae1 Rf6 32. Kf2 Rfd6 33. Ke2 Kf6 34. Nd2 Kg7 35. Rf1 Rf6 
36. Rxf6 Kxf6 37. a4 Ne7 38. Rf3+ Kg7 39. Ne4 Nf5 40. a5 Rb7 
41. g4 hxg4 42. hxg4 Nh6 43. a6 Rd7 44. g5 Nf7 45. Rh3 Rc7 
46. c4 Rd7 47. Rh7+ Kf8 48. Nf6 Rd8 49. Nd5 Rd6 50. Nf6 Rd4 
51. Ne4 Rd8 52. Ke3 1/2-1/2